000 00413 a2200133 4500
001 91659
082 _aPR 1627
090 _c43819
_d43818
100 _aMuhammad Qaiser Jawad; Prof Fawad Rauf, Advisor
245 _aCommand Tracking in the Presence of Hard Non-linearity and Uncertainty using Intelligent Control
_n51 "B" EC
260 _aRawalpindi
_bNUST
_c1999
300 _a44p
500 _aBE Project Reports
942 _aCAE NUST
_kPR 1627
999 _c326732
_d326732